000 00360nam a2200133Ia 4500
008 240624s9999 xx 000 0 und d
041 _aeng
082 _a658.5 CHA
100 _aCHASE RICHARD B
245 _aOPERATIONS MANAGEMENT FOR COMPETITIVE AD
250 _a(10th ed.)
260 _c2003
_aNew Delhi
_bTata McGrawhill
300 _axvi, : 765 : p. : cm. ; 28
999 _c4916
_d4916